101 inspiring stories (Record no. 189623)

000 -LEADER
fixed length control field 00387nam a2200145Ia 4500
008 - FIXED-LENGTH DATA ELEMENTS--GENERAL INFORMATION
fixed length control field 220405s9999||||xx |||||||||||||| ||und||
020 ## - INTERNATIONAL STANDARD BOOK NUMBER
International Standard Book Number 9788184950281
082 ## - DEWEY DECIMAL CLASSIFICATION NUMBER
Classification number 823 XAV
100 ## - MAIN ENTRY--PERSONAL NAME
Personal name Xavier, Francis, G.
9 (RLIN) 10578
245 #0 - TITLE STATEMENT
Title 101 inspiring stories
260 ## - PUBLICATION, DISTRIBUTION, ETC.
Place of publication, distribution, etc. Jaico publishers
Name of publisher, distributor, etc. Mumbai
Date of publication, distribution, etc. 2015
300 ## - PHYSICAL DESCRIPTION
Extent 187p.
Other physical details Rs.299
650 ## - SUBJECT ADDED ENTRY--TOPICAL TERM
Topical term or geographic name entry element GENERAL BOOKS
942 ## - ADDED ENTRY ELEMENTS (KOHA)
Koha item type
Holdings
Withdrawn status Lost status Source of classification or shelving scheme Damaged status Not for loan Collection code Home library Current library Date acquired Total Checkouts Total Renewals Full call number Barcode Date last seen Date last checked out Price effective from Koha item type
          Humanity Science Central Library Central Library 04/05/2022 1 1 823 XAV SP16 03/14/2023 02/06/2023 04/05/2022 Special collection books

Powered by Koha